| 000 | 00703nam a22002057a 4500 | ||
|---|---|---|---|
| 999 |
_c3233 _d3233 |
||
| 003 | AR-CdUCM | ||
| 008 | 190306b ||||| |||| 00| 0 spa d | ||
| 040 |
_aMUNICIPALIDAD PROVINCIAL DEL CUSCO _cBIBLIOTECA MUNICIPAL DEL CUSCO |
||
| 082 |
_a375.2 / _bG66 |
||
| 100 |
_aGonzáles, Rafael E. _910813 |
||
| 245 |
_aLa Función Directiva en la Escuela Primaria : _bDesarrollo del Temario para los Concursos de oposición a los cargos directivos / |
||
| 260 |
_aBuenos Aires : _bLa Obra, _c1963. |
||
| 300 |
_a318 paginas ; _c23cm. |
||
| 500 | _aEscuela Primaria | ||
| 650 |
_aEscuela primaria _910814 |
||
| 650 |
_aLiteratura _983 |
||
| 650 |
_aLatinoamerica _94398 |
||
| 942 |
_2ddc _cLIBROS |
||
| 945 | _apjha | ||